000 00327nam a2200145Ia 4500
005 20251222152016.0
008 251222s9999||||xx |||||||||||||| ||spa||
020 _a844067581X
082 _a813.54/G81
100 _aGrisham, John
245 0 _aEl Socio
250 _a1ra.ed.
264 _bEdiciones Grupo Zeta
942 _cLIB
999 _c25098
_d25098